[Event "Taastrup Spil Naar Du Vil I 2006"]
[Site "Taastrup"]
[Date "2006.05.18"]
[Round "7"]
[White "Dyremose, Morten Sigvart"]
[Black "Meldal, Peter"]
[Result "0-1"]
[WhiteElo "1073"]
[BlackElo "1139"]
[PlyCount "90"]
[EventDate "2006.??.??"]

1. e4 c5 2. Nf3 d6 3. d4 cxd4 4. Nxd4 a6 5. Nc3 Nc6 6. Be2 Nf6 7. O-O e5 8.
Nxc6 bxc6 9. Bg5 Be7 10. Qd2 Bb7 11. Rad1 O-O 12. Bxf6 Bxf6 13. Qxd6 Qb6 14.
Qa3 Rfe8 15. Bc4 Be7 16. Qb3 Qxb3 17. Bxb3 Rad8 18. f4 Bc5+ 19. Kh1 Rxd1 20.
Nxd1 exf4 21. Rxf4 Re7 22. h4 Rd7 23. c3 Bd6 24. Rg4 c5 25. Ne3 h5 26. Rg5 Bf4
27. Rxc5 Bxe3 28. Re5 Rc7 29. Bd5 Bxd5 30. exd5 Bc1 31. b3 f6 32. Rf5 Kf7 33.
Rxh5 a5 34. d6 Rd7 35. Rc5 Rxd6 36. Rc4 Ba3 37. Ra4 Rd1+ 38. Kh2 Bd6+ 39. g3
Rd2+ 40. Kh3 Rd3 41. Rg4 Rxc3 42. Kg2 Rc2+ 43. Kh3 Rxa2 44. Rd4 Ke6 45. g4 Rh2#
0-1

[Event "Taastrup Spil Naar Du Vil I 2006"]
[Site "Taastrup"]
[Date "2006.05.18"]
[Round "7"]
[White "Jensen, Henrik"]
[Black "Jensen, Jan Kargaard"]
[Result "0-1"]
[WhiteElo "1260"]
[BlackElo "1690"]
[PlyCount "54"]
[EventDate "2006.??.??"]

1. e4 c5 2. Nf3 d6 3. d4 cxd4 4. Nxd4 Nf6 5. Nc3 a6 6. Bg5 Nbd7 7. Bc4 b5 8.
Bb3 Bb7 9. Qd3 Nc5 10. Qf3 e6 11. O-O Be7 12. Rad1 Nfxe4 13. Bxe7 Qxe7 14. Nxe4
Bxe4 15. Qf4 e5 16. Qe3 exd4 17. Qxd4 O-O 18. Rfe1 Qb7 19. Qxd6 Nxb3 20. cxb3
Bxg2 21. Re7 Qf3 22. Rd3 Qc6 23. Qe5 Rad8 24. Rxd8 Rxd8 25. Qe1 Bh3 26. f3 Qc5+
27. Kh1 Qxe7 0-1

[Event "Taastrup Spil Naar Du Vil I 2006"]
[Site "Taastrup"]
[Date "2006.05.18"]
[Round "7"]
[White "Jensen, Tom B"]
[Black "Refsgaard, Kaj"]
[Result "1-0"]
[WhiteElo "1065"]
[BlackElo "1728"]
[PlyCount "49"]
[EventDate "2006.??.??"]

1. d4 Nf6 2. c4 e6 3. Bf4 c5 4. Nf3 cxd4 5. Nxd4 Nc6 6. Nf3 Qb6 7. b3 Bc5 8. e3
O-O 9. Be2 e5 10. Nxe5 Bb4+ 11. Kf1 Bd6 12. Qxd6 Re8 13. Nf3 Re6 14. Qd1 Qc5
15. Nc3 d6 16. Ng5 Re8 17. Nd5 Ne5 18. Nxf6+ gxf6 19. Ne4 Qc6 20. Nxf6+ Kf8 21.
Nxe8 Qxe8 22. Qxd6+ Kg8 23. Bxe5 Be6 24. Bf6 Rc8 25. Qg3+ 1-0

[Event "Taastrup Spil Naar Du Vil I 2006"]
[Site "Taastrup"]
[Date "2006.05.18"]
[Round "7"]
[White "Nielsen, Steen"]
[Black "Pedersen, Ole"]
[Result "1-0"]
[WhiteElo "1575"]
[BlackElo "1406"]
[PlyCount "71"]
[EventDate "2006.??.??"]

1. e4 c5 2. Nf3 Nc6 3. d4 cxd4 4. Nxd4 g6 5. Be2 Bg7 6. Be3 d6 7. Nc3 Nf6 8. f3
a6 9. Qd2 Bd7 10. O-O-O b5 11. g4 Qa5 12. Nb3 Qc7 13. g5 Nh5 14. f4 f5 15. Nd5
Qd8 16. Bxh5 gxh5 17. Qe2 fxe4 18. Qxh5+ Kf8 19. Rhf1 Qe8 20. Qh4 Bf5 21. Nc7
Qc8 22. Nxa8 Qxa8 23. Nd4 Nxd4 24. Bxd4 Bxd4 25. Rxd4 e3 26. Re1 Qg2 27. Qh6+
Ke8 28. Qh5+ Kd7 29. Qe2 Qc6 30. c3 a5 31. Qxe3 Re8 32. Qe5 e6 33. Qe2 Qb6 34.
Qe5 b4 35. Rxd6+ Qxd6 36. Rd1 1-0

[Event "Taastrup Spil Naar Du Vil I 2006"]
[Site "Taastrup"]
[Date "2006.05.18"]
[Round "7"]
[White "Rosenkilde, Alexander"]
[Black "Ryberg, Denis"]
[Result "1-0"]
[WhiteElo "2024"]
[BlackElo "1195"]
[PlyCount "73"]
[EventDate "2006.??.??"]

1. d4 d5 2. c4 c6 3. Nc3 Nf6 4. e3 e6 5. Nf3 Bb4 6. Qb3 Bxc3+ 7. bxc3 Ne4 8.
Ba3 Qb6 9. Qc2 Nd7 10. Rb1 Qa5 11. Bb4 Qc7 12. Bd3 c5 13. Ba3 Qa5 14. Rb3 Nef6
15. O-O O-O 16. Ne5 dxc4 17. Nxc4 Qc7 18. e4 Ng4 19. e5 g6 20. Qd2 Kg7 21. Bc1
cxd4 22. cxd4 f5 23. h3 Ngxe5 24. dxe5 Nxe5 25. Nxe5 Qxe5 26. Bb2 Qxb2 27.
Qxb2+ Kf7 28. Rc1 Bd7 29. Rxb7 Rad8 30. Rcc7 Ke7 31. Qg7+ Rf7 32. Rxd7+ Rxd7
33. Rxd7+ Kxd7 34. Qxf7+ Kc6 35. Qxe6+ Kc5 36. Kf1 Kd4 37. Ke2 1-0

[Event "Taastrup Spil Naar Du Vil I 2006"]
[Site "Taastrup"]
[Date "2006.05.18"]
[Round "7"]
[White "Strom, Ebbe"]
[Black "Kaaber Hansen, Jacob"]
[Result "0-1"]
[WhiteElo "1750"]
[BlackElo "2124"]
[PlyCount "48"]
[EventDate "2006.??.??"]

1. b4 d5 2. Bb2 Nf6 3. e3 Bf5 4. c4 e6 5. b5 Be7 6. Nf3 O-O 7. Nc3 c5 8. d4 a6
9. Be2 axb5 10. cxb5 Nbd7 11. O-O Ne4 12. Nxe4 Bxe4 13. a4 Qc7 14. Qd2 b6 15.
Rfc1 Ra7 16. Qc3 f6 17. dxc5 Nxc5 18. Bd1 Bd6 19. h4 Rfa8 20. h5 Bxf3 21. gxf3
Be5 22. Qd2 Bxb2 23. Qxb2 Qf7 24. f4 Nd3 0-1

[Event "Taastrup Spil Naar Du Vil I 2006"]
[Site "Taastrup"]
[Date "2006.05.18"]
[Round "7"]
[White "Yde, Jesper"]
[Black "Kristensen, Brian"]
[Result "0-1"]
[WhiteElo "1607"]
[BlackElo "2089"]
[PlyCount "112"]
[EventDate "2006.??.??"]

1. e4 c5 2. f4 d5 3. Bb5+ Bd7 4. Bxd7+ Qxd7 5. exd5 Qxd5 6. Qf3 Qxf3 7. Nxf3
Nc6 8. Na3 g6 9. O-O Bg7 10. d3 Nh6 11. Ne5 Rc8 12. c3 O-O 13. Nxc6 Rxc6 14.
Nc4 Rd8 15. Ne5 Rc7 16. Rf3 b5 17. f5 Nxf5 18. Nxf7 Kxf7 19. g4 e6 20. gxf5
exf5 21. Bf4 Rcd7 22. Rd1 a5 23. Bg5 Bf6 24. Bxf6 Kxf6 25. a3 g5 26. h3 h5 27.
Rdf1 Rd5 28. d4 cxd4 29. cxd4 h4 30. Rc3 Rxd4 31. Rc5 R8d5 32. Rc6+ Rd6 33. Rc5
R4d5 34. Rc8 f4 35. Rf8+ Kg7 36. Rb8 Kf7 37. Rf2 Rd1+ 38. Kg2 R6d5 39. Rb7+ Kf6
40. Rb6+ Kf5 41. Rb8 R1d2 42. Rf8+ Kg6 43. Rg8+ Kf6 44. Rf8+ Kg7 45. Rb8 a4 46.
Rxd2 Rxd2+ 47. Kf3 Rxb2 48. Kg4 Rg2+ 49. Kf5 f3 50. Rb7+ Kf8 51. Kg6 g4 52.
Rb8+ Ke7 53. Rb7+ Kd6 54. hxg4 Rxg4+ 55. Kh5 Rf4 56. Rxb5 f2 0-1

[Event "Taastrup Spil Naar Du Vil I 2006"]
[Site "Taastrup"]
[Date "2006.06.01"]
[Round "8"]
[White "Dyremose, Flemming"]
[Black "Rosenkilde, Alexander"]
[Result "0-1"]
[WhiteElo "1395"]
[BlackElo "2024"]
[PlyCount "110"]
[EventDate "2006.??.??"]

1. d4 Nf6 2. c4 e6 3. Nc3 Bb4 4. Bg5 d5 5. a3 Be7 6. e3 O-O 7. Nf3 c6 8. Bd3
Nbd7 9. O-O a6 10. Rc1 dxc4 11. Bxc4 b5 12. Bd3 c5 13. Bxf6 Bxf6 14. Ne4 cxd4
15. Nxf6+ Nxf6 16. Nxd4 Bb7 17. Nc6 Qd7 18. Na5 Bd5 19. Qe2 Rac8 20. e4 Ba8 21.
Rfd1 Rxc1 22. Rxc1 Rd8 23. Bc2 Qc7 24. Nb3 Qe5 25. Bb1 Bxe4 26. Bxe4 Nxe4 27.
Qd3 Qg5 28. Qe2 Qd5 29. Na1 g6 30. Re1 Nc5 31. Nc2 Nd3 32. Ne3 Nf4 33. Qc2 Qe5
34. g3 Nh3+ 35. Kg2 Ng5 36. f4 Qe4+ 37. Qxe4 Nxe4 38. Kf3 Nd2+ 39. Kg4 f5+ 40.
Kh3 Nb3 41. Rd1 Rxd1 42. Nxd1 Kf7 43. Nf2 Nc5 44. b4 Nd7 45. Nd1 e5 46. Nc3 Nb6
47. fxe5 Ke6 48. Kg2 Kxe5 49. Kf3 Kd4 50. Ne2+ Ke5 51. Nc1 g5 52. Nd3+ Kd5 53.
Nc5 a5 54. Nd3 a4 55. Nb2 Nc4 0-1

[Event "Taastrup Spil Naar Du Vil I 2006"]
[Site "Taastrup"]
[Date "2006.06.01"]
[Round "8"]
[White "Hestehauge, Klaus"]
[Black "Nielsen, Steen"]
[Result "1-0"]
[WhiteElo "1976"]
[BlackElo "1575"]
[PlyCount "59"]
[EventDate "2006.??.??"]

1. d4 Nf6 2. Nf3 e6 3. c4 d5 4. e3 b6 5. Nc3 Ba6 6. b3 Nbd7 7. Be2 Be7 8. O-O
O-O 9. Bb2 Rc8 10. cxd5 Bxe2 11. Qxe2 exd5 12. Rac1 c5 13. Rfd1 cxd4 14. Nxd4
Re8 15. Nf5 Nf8 16. Qf3 Rc5 17. Nxe7+ Rxe7 18. Ba3 Rd7 19. Bxc5 bxc5 20. Na4 d4
21. Nxc5 Rd5 22. Rxd4 Rxd4 23. exd4 Qxd4 24. Qc3 Qf4 25. Qe3 Qd6 26. Ne4 Nxe4
27. Qxe4 h6 28. h3 g6 29. Qe3 a5 30. Qxh6 1-0

[Event "Taastrup Spil Naar Du Vil I 2006"]
[Site "Taastrup"]
[Date "2006.06.01"]
[Round "8"]
[White "Kristensen, Brian"]
[Black "Andersen, Daniel"]
[Result "0-1"]
[WhiteElo "2089"]
[BlackElo "1841"]
[PlyCount "140"]
[EventDate "2006.??.??"]

1. e4 e6 2. d4 d5 3. e5 c5 4. c3 Nc6 5. Nf3 Qb6 6. a3 Nh6 7. b4 cxd4 8. cxd4
Nf5 9. Be3 f6 10. exf6 gxf6 11. Bd3 Nxe3 12. fxe3 Bh6 13. Qe2 Bd7 14. O-O O-O
15. Nc3 Ne7 16. Kh1 Rac8 17. Rac1 Bg7 18. Qc2 h6 19. Qb3 Be8 20. Nxd5 exd5 21.
Rxc8 Nxc8 22. Qxd5+ Rf7 23. Qf5 Nd6 24. Qh7+ Kf8 25. Nh4 Re7 26. Bg6 Qb5 27.
Kg1 Qg5 28. Bxe8 Qxh4 29. Ba4 Qe4 30. Qxe4 Rxe4 31. Kf2 b5 32. Bb3 Re8 33. Rc1
Rc8 34. Rxc8+ Nxc8 35. a4 bxa4 36. Bxa4 Ke7 37. Ke2 Kd6 38. Kd3 Nb6 39. Be8 Bf8
40. e4 Kc7 41. b5 Bd6 42. h3 Nc8 43. Kc4 Ne7 44. g4 Kb6 45. h4 Ba3 46. h5 Kc7
47. Kb3 Bc1 48. Kc4 Kd6 49. Kb4 Kc7 50. Kc4 Kb6 51. Bd7 Ba3 52. Be8 Nc8 53. Kd5
Nd6 54. Bd7 Nxb5 55. Ke6 Nxd4+ 56. Kxf6 Bc1 57. e5 Kc7 58. e6 Kd6 59. Kf7 Bg5
60. Bc8 a5 61. Bd7 Nb3 62. Bb5 Nd4 63. Bc4 a4 64. Bd5 a3 65. Ba2 Nb5 66. Bc4
Nc3 67. Bb3 a2 68. Bxa2 Nxa2 69. e7 Bxe7 70. Kg6 Bg5 0-1

[Event "Taastrup Spil Naar Du Vil I 2006"]
[Site "Taastrup"]
[Date "2006.06.01"]
[Round "8"]
[White "Refsgaard, Kaj"]
[Black "Madsen, Simon Rise"]
[Result "1/2-1/2"]
[WhiteElo "1728"]
[BlackElo "1366"]
[PlyCount "50"]
[EventDate "2006.??.??"]

1. Nf3 b6 2. g3 Bb7 3. Bg2 Nc6 4. O-O g6 5. d4 d5 6. Re1 Qd7 7. c3 O-O-O 8. b4
e6 9. a4 Nxb4 10. cxb4 Bxb4 11. Bd2 Bxd2 12. Nbxd2 a5 13. Qc2 Ne7 14. Ne5 Qe8
15. Rec1 c6 16. Rab1 Kc7 17. Rxb6 Kxb6 18. Qc5+ Kc7 19. Nb3 f6 20. Nd3 Ra8 21.
Nxa5 h5 22. Nxb7 Kxb7 23. Rb1+ Kc8 24. Bh3 Qd7 25. Qb6 g5 1/2-1/2

[Event "Taastrup Spil Naar Du Vil I 2006"]
[Site "Taastrup"]
[Date "2006.06.01"]
[Round "8"]
[White "Ringsborg, Allan"]
[Black "Pedersen, Ole"]
[Result "1-0"]
[WhiteElo "1611"]
[BlackElo "1406"]
[PlyCount "55"]
[EventDate "2006.??.??"]

1. Nf3 c5 2. c4 Nc6 3. Nc3 g6 4. g3 Bg7 5. Bg2 e6 6. d3 d6 7. O-O Nge7 8. Rb1
O-O 9. Bd2 a6 10. a3 Rb8 11. Qc1 b5 12. Ne4 Nd4 13. Nxd4 Bxd4 14. Bh6 Bg7 15.
Bxg7 Kxg7 16. Qc3+ e5 17. cxb5 axb5 18. b4 Nd5 19. Qc1 cxb4 20. axb4 Bb7 21.
Qb2 Nf6 22. Rfd1 Nxe4 23. dxe4 Qf6 24. Rbc1 Rfd8 25. Rc7 Qe6 26. f4 Kg8 27.
fxe5 dxe5 28. Rxd8+ 1-0

[Event "Taastrup Spil Naar Du Vil I 2006"]
[Site "Taastrup"]
[Date "2006.06.01"]
[Round "8"]
[White "Ryberg, Denis"]
[Black "Meldal, Peter"]
[Result "0-1"]
[WhiteElo "1195"]
[BlackElo "1139"]
[PlyCount "110"]
[EventDate "2006.??.??"]

1. e4 c5 2. Nf3 d6 3. Nc3 Nc6 4. Bb5 Bd7 5. Bxc6 Bxc6 6. d4 cxd4 7. Nxd4 Nf6 8.
Nxc6 bxc6 9. Bf4 e5 10. Bg5 Be7 11. O-O O-O 12. Qf3 Rb8 13. Rab1 h6 14. Bxf6
Bxf6 15. Qe3 a6 16. Rfd1 Qc7 17. f4 Rb4 18. a3 Rd4 19. fxe5 Rxd1+ 20. Rxd1 Bxe5
21. Na4 c5 22. Qd3 Qc6 23. Nc3 Qb6 24. Qc4 Qxb2 25. Nb1 Rb8 26. c3 Qc2 27. Qf1
Qxe4 28. Nd2 Qe3+ 29. Kh1 Bxc3 30. Nc4 Qe6 31. Nxd6 Be5 32. Ne4 Bd4 33. Ng3 Qb3
34. Nf5 Rd8 35. Ne7+ Kf8 36. Ng6+ Kg8 37. Ne7+ Kh8 38. Nc6 Rd6 39. Ne7 Rf6 40.
Nf5 Qd5 41. Rb1 Qxf5 42. Qd1 Qe5 43. Qd3 Rg6 44. Rf1 Qg5 45. Qf3 Rf6 46. Qe2
Rxf1+ 47. Qxf1 Qf6 48. Qd3 a5 49. h3 Qf2 50. a4 Qe1+ 51. Kh2 Qg1+ 52. Kg3 Qf2+
53. Kh2 Be5+ 54. Kh1 Qe1+ 55. Qf1 Qxf1# 0-1

[Event "Taastrup Spil Naar Du Vil I 2006"]
[Site "Taastrup"]
[Date "2006.06.01"]
[Round "8"]
[White "Zmylon, Frederik Nielsen"]
[Black "Jensen, Jan Kargaard"]
[Result "0-1"]
[WhiteElo "1016"]
[BlackElo "1690"]
[PlyCount "42"]
[EventDate "2006.??.??"]

1. e4 c5 2. Bc4 e6 3. Nf3 d5 4. exd5 exd5 5. Bb5+ Nc6 6. Ne5 Qc7 7. Nxc6 bxc6
8. Ba4 Bd6 9. Qe2+ Ne7 10. Nc3 O-O 11. O-O Bxh2+ 12. Kh1 Bd6 13. Kg1 Bd7 14.
Qd3 Bh2+ 15. Kh1 Qf4 16. g3 Qh6 17. Qe3 Qh3 18. Re1 Bxg3+ 19. Kg1 Qh2+ 20. Kf1
Nf5 21. Qe2 Qh1# 0-1

[Event "Taastrup Spil Naar Du Vil I 2006"]
[Site "Taastrup"]
[Date "2006.06.08"]
[Round "9"]
[White "Dyremose, Morten Sigvart"]
[Black "Zmylon, Frederik Nielsen"]
[Result "1-0"]
[WhiteElo "1073"]
[BlackElo "1016"]
[PlyCount "47"]
[EventDate "2006.??.??"]

1. e4 c5 2. Nf3 Nc6 3. d4 cxd4 4. Nxd4 e5 5. Nxc6 bxc6 6. Bc4 Ba6 7. Bxa6 Qa5+
8. Nc3 Qxa6 9. b3 Bb4 10. Bb2 Ba3 11. Bxa3 Qxa3 12. Qd3 Qb4 13. Rd1 Nf6 14. O-O
O-O 15. Qg3 Rfe8 16. f4 exf4 17. Qf3 d5 18. exd5 cxd5 19. Nxd5 Nxd5 20. Qxd5
Rad8 21. Qxd8 Qf8 22. Qd6 Qxd6 23. Rxd6 Kf8 24. Rc1 1-0

[Event "Taastrup Spil Naar Du Vil I 2006"]
[Site "Taastrup"]
[Date "2006.06.08"]
[Round "9"]
[White "Hestehauge, Klaus"]
[Black "Ringsborg, Allan"]
[Result "1/2-1/2"]
[WhiteElo "1976"]
[BlackElo "1611"]
[PlyCount "117"]
[EventDate "2006.??.??"]

1. d4 Nf6 2. Nf3 g6 3. c4 Bg7 4. Nc3 O-O 5. e3 b6 6. Be2 Bb7 7. O-O e6 8. b3 d6
9. Bb2 Nbd7 10. Nd2 a6 11. Bf3 Bxf3 12. Qxf3 Re8 13. Rad1 h6 14. h3 Nh7 15. Qe2
Qc8 16. Nf3 Qd8 17. Rfe1 Ng5 18. e4 Nxf3+ 19. Qxf3 Qf6 20. Qg3 Qe7 21. f4 c5
22. Ne2 Rac8 23. e5 cxd4 24. Bxd4 dxe5 25. fxe5 Nc5 26. Nc3 Qc7 27. Qe3 Red8
28. Kh1 Nd7 29. Na4 Nc5 30. Nxc5 bxc5 31. Bc3 Bf8 32. Qe2 Be7 33. Rxd8+ Rxd8
34. Rd1 Rxd1+ 35. Qxd1 Qd8 36. Qxd8+ Bxd8 37. Kg1 Kf8 38. Kf2 Ke7 39. Kf3 Kd7
40. Bd2 h5 41. Bc3 Be7 42. Kf4 Kc6 43. g4 g5+ 44. Ke4 hxg4 45. hxg4 Kb6 46. Kd3
a5 47. Kc2 Bd8 48. Kb2 Be7 49. Ka3 Bd8 50. Ka4 Ka6 51. a3 Bc7 52. Bb2 Kb6 53.
b4 axb4 54. axb4 cxb4 55. Kxb4 Kc6 56. Bd4 Bd8 57. Be3 Bc7 58. Bd4 Bd8 59. Kc3
1/2-1/2

[Event "Taastrup Spil Naar Du Vil I 2006"]
[Site "Taastrup"]
[Date "2006.06.08"]
[Round "9"]
[White "Jensen, Jan Kargaard"]
[Black "Dyremose, Flemming"]
[Result "1-0"]
[WhiteElo "1690"]
[BlackElo "1395"]
[PlyCount "111"]
[EventDate "2006.??.??"]

1. d4 Nf6 2. Nf3 g6 3. Bf4 d6 4. Nbd2 Bg7 5. c3 Nbd7 6. h3 O-O 7. e3 b6 8. Bd3
Bb7 9. O-O e6 10. Re1 Rc8 11. Qe2 Nb8 12. Rad1 Re8 13. e4 Nfd7 14. e5 d5 15.
Bg5 f6 16. exf6 Bxf6 17. Bxf6 Qxf6 18. Ne5 Nxe5 19. Qxe5 Qxe5 20. Rxe5 Nd7 21.
Re3 c5 22. Rde1 c4 23. Bc2 Kf7 24. Nf3 h6 25. Ne5+ Nxe5 26. Rxe5 b5 27. R1e3 g5
28. Bd1 Re7 29. Bh5+ Kf6 30. Rf3+ Kg7 31. h4 gxh4 32. Rf4 Rf8 33. Rg4+ Kh8 34.
Rg6 Bc8 35. Rxh6+ Rh7 36. Rxh7+ Kxh7 37. Bg4 Rf6 38. Rh5+ Rh6 39. Rxh6+ Kxh6
40. f4 Kg6 41. Kh2 Kf6 42. Kh3 Bd7 43. Kxh4 Be8 44. Bh3 Bg6 45. g4 a6 46. g5+
Ke7 47. Bg4 Kf7 48. Bh5 a5 49. a3 Kg7 50. Bxg6 Kxg6 51. Kg4 Kg7 52. Kh5 Kh7 53.
g6+ Kg7 54. Kg5 b4 55. axb4 axb4 56. cxb4 1-0

[Event "Taastrup Spil Naar Du Vil I 2006"]
[Site "Taastrup"]
[Date "2006.06.08"]
[Round "9"]
[White "Kaaber Hansen, Jacob"]
[Black "Andersen, Daniel"]
[Result "1-0"]
[WhiteElo "2124"]
[BlackElo "1841"]
[PlyCount "51"]
[EventDate "2006.??.??"]

1. e4 e6 2. d4 d5 3. Nc3 Nf6 4. Bg5 Bb4 5. e5 h6 6. Bd2 Bxc3 7. bxc3 Ne4 8. Qg4
g6 9. Bc1 c5 10. Bd3 Qa5 11. Ne2 cxd4 12. O-O Bd7 13. cxd4 Nc3 14. Bd2 Nxe2+
15. Qxe2 Qa4 16. Qf3 Qxd4 17. Qf6 Rg8 18. Bxh6 Nc6 19. Rfe1 Qc5 20. Bg5 Ne7 21.
Re3 Nf5 22. Bxf5 exf5 23. e6 Bxe6 24. Rxe6+ fxe6 25. Qxe6+ Kf8 26. Bh6+ 1-0

[Event "Taastrup Spil Naar Du Vil I 2006"]
[Site "Taastrup"]
[Date "2006.06.08"]
[Round "9"]
[White "Nielsen, Steen"]
[Black "Nielsen, Jan Mose"]
[Result "0-1"]
[WhiteElo "1575"]
[BlackElo "1995"]
[PlyCount "64"]
[EventDate "2006.??.??"]

1. e4 c5 2. Nf3 Nc6 3. d4 cxd4 4. Nxd4 e5 5. Nf5 d5 6. exd5 Bxf5 7. dxc6 Qxd1+
8. Kxd1 O-O-O+ 9. Ke1 bxc6 10. Be3 Kb7 11. c3 Nf6 12. f3 Nd5 13. Bf2 Be7 14.
Nd2 Bg5 15. h4 Bxd2+ 16. Kxd2 Nb4+ 17. Kc1 Rd7 18. cxb4 Rhd8 19. Bc4 Rd2 20.
Bb3 Rxf2 21. g4 Bd3 22. Bxf7 Rc2+ 23. Kd1 Bg6+ 24. Ke1 Bxf7 25. Rf1 Rdd2 26. f4
e4 27. f5 Bc4 28. Rf4 Rh2 29. Kd1 Rcd2+ 30. Kc1 Rde2 31. Kd1 Rh1+ 32. Rf1 Rxf1#
0-1

[Event "Taastrup Spil Naar Du Vil I 2006"]
[Site "Taastrup"]
[Date "2006.06.08"]
[Round "9"]
[White "Pallesen, Jacob"]
[Black "Jensen, Tom B"]
[Result "1-0"]
[WhiteElo "1899"]
[BlackElo "1065"]
[PlyCount "53"]
[EventDate "2006.??.??"]

1. e4 e5 2. Nf3 Nc6 3. Bc4 Bc5 4. c3 Nf6 5. d3 d6 6. Nbd2 a6 7. Bb3 O-O 8. O-O
Qe7 9. h3 Be6 10. Bc2 Bb6 11. Ng5 Bd7 12. Nc4 Ba7 13. Be3 b5 14. Bxa7 Rxa7 15.
Ne3 h6 16. Nf3 Raa8 17. Nh4 Qd8 18. Nhf5 Kh7 19. f4 g6 20. Ng3 h5 21. fxe5 Nxe5
22. d4 Nc4 23. Nxc4 bxc4 24. e5 Nd5 25. Qxh5+ Kg7 26. Rxf7+ Rxf7 27. Bxg6 1-0

[Event "Taastrup Spil Naar Du Vil I 2006"]
[Site "Taastrup"]
[Date "2006.06.08"]
[Round "9"]
[White "Pedersen, Ole"]
[Black "Ryberg, Denis"]
[Result "1-0"]
[WhiteElo "1406"]
[BlackElo "1195"]
[PlyCount "137"]
[EventDate "2006.??.??"]

1. c4 e5 2. e3 Nf6 3. Nc3 Bb4 4. Nge2 O-O 5. g3 d6 6. Bg2 Ng4 7. h3 Nh6 8. O-O
Nc6 9. a3 Bxc3 10. Nxc3 Be6 11. b3 Qd7 12. Kh2 a6 13. d4 exd4 14. exd4 Ne7 15.
Bxh6 gxh6 16. Qh5 Nf5 17. d5 Ng7 18. dxe6 Nxh5 19. exd7 c6 20. Rfe1 Nf6 21. Re7
Rad8 22. Ne4 Nxd7 23. Rxd7 Rxd7 24. Nf6+ Kg7 25. Nxd7 Rd8 26. Nb6 Re8 27. b4
Re2 28. Kg1 Rc2 29. Rd1 Rc3 30. a4 Rb3 31. Rxd6 Rxb4 32. a5 Rb1+ 33. Bf1 Ra1
34. Rd7 Rxa5 35. Rxb7 Ra1 36. Rc7 c5 37. Rxc5 Rb1 38. Na4 Rb4 39. Ra5 Rb7 40.
Rxa6 Re7 41. c5 Rc7 42. c6 Kf8 43. Bd3 Kg7 44. Be4 h5 45. h4 h6 46. Nc3 Kf8 47.
Nb5 Rc8 48. c7 Ke7 49. Bf5 Rg8 50. c8=Q Rxc8 51. Bxc8 f6 52. Nd4 Kf7 53. Nf5
Kg6 54. Ne7+ Kf7 55. Ra7 Kg7 56. Be6 f5 57. Bxf5 Kf7 58. Bg6+ Kf6 59. Bxh5 Kg7
60. f4 Kf8 61. f5 Kg7 62. g4 Kf8 63. Ng6+ Kg8 64. Ra8+ Kg7 65. g5 Kh7 66. Nf8+
Kg7 67. f6+ Kh8 68. Ne6+ Kh7 69. g6# 1-0

[Event "Taastrup Spil Naar Du Vil I 2006"]
[Site "Taastrup"]
[Date "2006.06.08"]
[Round "9"]
[White "Rasmussen, Emil Wulff"]
[Black "Jensen, Henrik"]
[Result "0-1"]
[WhiteElo "1147"]
[BlackElo "1260"]
[PlyCount "78"]
[EventDate "2006.??.??"]

1. e4 e5 2. Nf3 Nc6 3. d4 exd4 4. Nxd4 Nxd4 5. Qxd4 c5 6. Qe3 b6 7. Nc3 Be7 8.
Qg3 g6 9. Bc4 Bb7 10. O-O Nf6 11. Bh6 Nxe4 12. Nxe4 Bxe4 13. Qf4 d5 14. Bb5+
Qd7 15. Bxd7+ Kxd7 16. Rfe1 f5 17. Qe5 Rae8 18. f3 c4 19. fxe4 Bc5+ 20. Kh1
Rxe5 21. Bg7 Rhe8 22. Bxe5 Rxe5 23. exd5 Rxd5 24. Rad1 Rxd1 25. Rxd1+ Ke7 26.
g3 h5 27. Kg2 a5 28. Rf1 Kf6 29. Rf3 Bb4 30. Rf4 b5 31. Rd4 c3 32. bxc3 Bxc3
33. Rd5 b4 34. Rxa5 b3 35. axb3 Bxa5 36. Kf3 g5 37. c4 Bb4 38. Kf2 Ke5 39. Ke3
h4 0-1

[Event "Taastrup Spil Naar Du Vil I 2006"]
[Site "Taastrup"]
[Date "2006.06.08"]
[Round "9"]
[White "Yde, Jesper"]
[Black "Meldal, Peter"]
[Result "1-0"]
[WhiteElo "1607"]
[BlackElo "1139"]
[PlyCount "93"]
[EventDate "2006.??.??"]

1. g4 d5 2. h3 e6 3. Bg2 Nc6 4. c4 Bd7 5. cxd5 exd5 6. Bxd5 Qg5 7. Nc3 Nf6 8.
d3 Qe5 9. Nf3 Qd6 10. Be4 Nxe4 11. Nxe4 Qb4+ 12. Nc3 Bc5 13. a3 Qb6 14. O-O Nd4
15. Ne5 Be6 16. Qa4+ c6 17. Nc4 Qc7 18. Qd1 b5 19. Nd2 b4 20. axb4 Bxb4 21. e3
Bxc3 22. bxc3 Nb5 23. c4 Nd6 24. Bb2 O-O 25. Be5 Qd7 26. Bxd6 Qxd6 27. Ne4 Qe7
28. Ng3 Rfd8 29. Qe2 Rd7 30. Rfb1 Rad8 31. d4 f6 32. Ra6 Rc8 33. Qc2 Qf7 34.
Rxc6 Rdc7 35. Rxc7 Rxc7 36. Rb8+ Bc8 37. c5 g6 38. Qe4 Kg7 39. c6 Re7 40. Qb1
Be6 41. Rb7 Bd5 42. Rxe7 Qxe7 43. Qb5 Qe6 44. c7 Bc6 45. Qc5 Qd5 46. Qxd5 Bxd5
47. c8=Q 1-0